000 00376cam a2200157ua 4500
003 OSt
008 250415b |||||||| |||| 00| 0 eng d
041 _aeng
082 _a624
_bVAZ/HE
100 _aVazirani, V N .
_91702
245 _aHeavy construction /
260 _aDelhi :
_bKhanna publishers.
300 _a279 ; .
700 1 _aChandala, S P .
_97408
942 _cBK
999 _c10394
_d10394